000 01106nam a2200277Ia 4500
003 OSt
005 20220923211215.0
006 a|||||r|||| 00| 0
007 ta
008 220922b |||||||| |||| 00| 0 hin d
020 _a9788126340170 (hbk)
_c600
024 _a277,431
037 _b254, 24/10/2013, Swaraj Prakashan
_cTextual
040 _aARTS
_cARTS
_bhin
041 _2hin
_ahin
082 _aO15,1A1:g, 152Q2
100 _aश्रीवास्तव, अम्बा प्रसाद
_9159658
245 0 _aरामायण का आचार दर्शन
246 _aRāmāyaṇ kā āchār darshana
260 _aदिल्ली
_b भारतीय ज्ञानपीठ
_c2012
300 _a335पृ.
_ccm.
490 _aलोकोदय ग्रन्थमाला; ग्रन्थांक 626
650 _aहिन्दी साहित्य
_9156264
942 _hO15,1A1:g, 152Q2
_cTEXL
_2CC
999 _c296893
_d296893